Southville International School and Colleges
Your cart is empty.
  • Cart
  • Lists
    Public lists Eva Luna New books Lux_list list_1
    Your lists Log in to create your own lists
  • Log in to your account
  • Your cookies
  • Search history
Southville International School and Colleges
  • Advanced search
  • Recent comments
  • Most popular
  • Libraries

Log in to your account

Log in with GOOGLE


If you do not have an external account, but do have a local account, you can still log in:

  1. Home
  2. MARC view: Hiyas ng panitikang Filipino :
Normal view MARC view ISBD view

Hiyas ng panitikang Filipino : (Record no. 1714)

[ view plain ]
MARC details
000 -LEADER
fixed length control field 00778cam a22002657a 4500
001 - CONTROL NUMBER
control field 613014
003 - CONTROL NUMBER IDENTIFIER
control field OSt
005 - DATE AND TIME OF LATEST TRANSACTION
control field 20140310181714.0
008 - FIXED-LENGTH DATA ELEMENTS--GENERAL INFORMATION
fixed length control field 930419s1991 ph 000 0 tgl
010 ## - LIBRARY OF CONGRESS CONTROL NUMBER
LC control number 91947498
020 ## - INTERNATIONAL STANDARD BOOK NUMBER
International Standard Book Number 9715690211
040 ## - CATALOGING SOURCE
Original cataloging agency DLC
Transcribing agency DLC
Modifying agency DLC
050 00 - LIBRARY OF CONGRESS CALL NUMBER
Classification number PL 5531
Item number .Sa235 1991
082 ## - DEWEY DECIMAL CLASSIFICATION NUMBER
Classification number FIL 899.211
Item number H642 1991
100 ## - MAIN ENTRY--PERSONAL NAME
Personal name Santiago, Alfonso O.
245 00 - TITLE STATEMENT
Title Hiyas ng panitikang Filipino :
Remainder of title mga piling akda sa wika at panitikan /
Statement of responsibility, etc Alfonso O. Santiago
260 ## - PUBLICATION, DISTRIBUTION, ETC. (IMPRINT)
Place of publication, distribution, etc Makati, Metro Manila, Philippines :
Name of publisher, distributor, etc Bookmark,
Date of publication, distribution, etc 1991.
300 ## - PHYSICAL DESCRIPTION
Extent xii, 382 p. ;
Dimensions 22 cm.
650 ## - SUBJECT ADDED ENTRY--TOPICAL TERM
Topical term or geographic name as entry element Filipino
700 1# - ADDED ENTRY--PERSONAL NAME
Personal name Santiago, Al O.
906 ## - LOCAL DATA ELEMENT F, LDF (RLIN)
a 7
b cbc
c orignew
d u
e ncip
f 19
g y-gencatlg
942 ## - ADDED ENTRY ELEMENTS (KOHA)
Source of classification or shelving scheme Library of Congress Classification
Koha item type Books
Holdings
Withdrawn status Lost status Source of classification or shelving scheme Damaged status Home library Current library Shelving location Date acquired Total Checkouts Full call number Barcode Date last seen Copy number Price effective from Koha item type
    Library of Congress Classification   Luxembourg Library Luxembourg Library Filipiniana Section 12/14/2012   PL 5531 .Sa235 1991 5482 08/13/2013 1 10/03/2013 Books

Hiyas ng panitikang Filipino :

APA

Santiago A. O., Santiago A. O., . (1991). Hiyas ng panitikang Filipino. Makati, Metro Manila, Philippines: Bookmark.

Chicago

Santiago Alfonso O, Santiago Al O, . 1991. Hiyas ng panitikang Filipino. Makati, Metro Manila, Philippines: Bookmark.

Harvard

Santiago A. O., Santiago A. O., . (1991). Hiyas ng panitikang Filipino. Makati, Metro Manila, Philippines: Bookmark.

MLA

Santiago Alfonso O, Santiago Al O, . Hiyas ng panitikang Filipino. Makati, Metro Manila, Philippines: Bookmark. 1991.

  • Place hold
  • Print
  • Cite
  • Add to your cart (remove)
  • Save record
    BIBTEX Dublin Core MARCXML MARC (non-Unicode/MARC-8) MARC (Unicode/UTF-8) MARC (Unicode/UTF-8, Standard) MODS (XML) RIS
  • More searches
    Search for this title in:
    Other Libraries (WorldCat) Other Databases (Google Scholar) Online Stores (Bookfinder.com) Open Library (openlibrary.org)

Exporting to Dublin Core...

SOUTHVILLE LIBRARY

Southville International School and Colleges Library

1281 Tropical Ave. Cor. Luxembourg St., BF Homes International, Las Pinas City

Tel. No. 8256374 / 252358 Loc. 117/146

Powered by Koha